000 00330nam a2200145Ia 4500
005 20251222152623.0
008 251222s9999||||xx |||||||||||||| ||spa||
020 _a9780557157815
082 _a863.64/M42
100 _aMendoza, Ramiro
245 0 _aEl Premio
250 _a1ra.ed.
264 _bEl Editorial Lulu
942 _cLIB
999 _c27433
_d27433